Music Quiz

Random Music or The Beatles Quiz

Beatles Songs by Recording Information Quiz Stats

 Plays Quiz Updated Feb 10, 2018

Challenge
Share
Tweet
Embed
Score 0/29 Timer 13:00
0 Plays Today
Information Song Title % Correct
George brings in his friend Eric Clapton to perform a guitar solo on his new track.While My Guitar Gently Weeps
71.3%
The Beatles audition at Abbey Road, playing a song that features the word 'love' 25 times. After the Beatles replace Pete Best with Ringo, this song becomes their first single.Love Me Do
68%
Forty musicians join the Beatles in the studio to complete an orchestral crescendo. The musicians wear formal attire and novelty accessories.A Day in the Life
67.5%
A Viscount jet is overdubbed onto the track. Prior to this day, Paul had recorded drums after Ringo walked out on the band.Back in the USSR
66.3%
The Beatles begin recording songs for the White Album. The first track will eventually be split into three different versions, two of which make it to the album.Revolution
63.4%
A string quartet joins Paul on the first single to feature only one Beatle.Yesterday
62.2%
Applause and laughter are added to this title track. Also added are screams from fans at the Hollywood Bowl and the warming up of an orchestra.Sgt. Peppers Lonely Hearts Club Band
62.1%
The sound of chirping birds is added to this track to assist the sounds of a guitar and a metronome.Blackbird
61.2%
A double string quartet is recorded as the only instrumentation for this sad Beatles tune. Since there are no drums on the track, Ringo is quite a lonely person.Eleanor Rigby
57.1%
The Beatles are at Abbey Road Studios for their last recording session. They work on a song written by Paul with Aretha Franklin in mind for the lead vocal.Let It Be
55%
Ringo records his first and last drum solo as a Beatle.The End
52.1%
Paul and John record this song in its entirety during one long day. Detailing John's recent nuptial difficulties, it is the first Beatles single recorded in stereo.The Ballad of John and Yoko
51.5%
Even though it sounds like a harpsichord, the middle eight is played by George Martin on a piano. He plays it back and rerecords it at double speed to achieve the harpsichord soundIn My Life
51.1%
400 million people tune in for a live broadcast of take 58 of this song.All You Need is Love
50.6%
Without permission, Phil Spector overdubs orchestral parts to a song written by Paul. This angers Paul so much that he sends an angry letter to Spector demanding changes.The Long and Winding Road
49.7%
Information Song Title % Correct
Billy Preston becomes the first guest artist to be credited on a Beatles single.Get Back
49.7%
John, Paul, and George record 'mouth brass' for the middle eight of a song that Paul wrote out of respect for hard - working women.Lady Madonna
49.4%
Yoko Ono attends her first recording session. The Beatles record a song improvised on the spot while the band has some down time. There is plenty of barking to go around.Hey Bulldog
46.7%
A parade of animal sounds is added to this song. In order, they are a rooster, cats, dogs, horses, sheep, lions, elephants, a fox and bloodhounds, horses, a cow, and a hen.Good Morning Good Morning
46.5%
This song is recorded with opening guitar feedback created by John holding his guitar close to an amp causing the A string to vibrate.I Feel Fine
46.2%
Perhaps intentionally, John adds fuel to the 'Paul is dead' theory by adding the phrase 'cranberry sauce' to the end of this masterpiece.Strawberry Fields Forever
45.4%
Sheila Bromberg performs on the harp and becomes the first woman to play on a Beatles album.She's Leaving Home
44.4%
A recording of BBC Third Programme's King Lear is added to the song to provide an additional layer of madness.I Am The Walrus
43.2%
Paul, George, and Ringo add instrumentation and backing vocals to a song that initially consisted of only John's voice and piano.Free as a Bird
42.9%
John records the only Beatles song in which he is the sole singer and instrumentalist (acoustic guitar).Julia
42.3%
A piccolo trumpet is recorded to complete the middle eight and to add a flourish at the end of the song.Penny Lane
41.8%
The Beatles can't find a calliope, so a sixty foot-long tape of steam organs is cut up, thrown into the air, and reassembled randomly for the track.Being for the Benefit of Mr. Kite
37.9%
The Beatles record their first single longer than three minutes. Appropriately, this is also the day that John earns his driver's license.Ticket to Ride
36.6%
A french horn solo is added to complement Paul's descending bass-line.For No One
29.3%

You're not logged in!

Compare scores with friends on all Sporcle quizzes.
OR
Log In

You Might Also Like...

Show Comments

Extras

Top Quizzes Today


Score Distribution

Your Account Isn't Verified!

In order to create a playlist on Sporcle, you need to verify the email address you used during registration. Go to your Sporcle Settings to finish the process.

Report this User

Report this user for behavior that violates our Community Guidelines.

Details: